| 000 | 00510nam a22001817a 4500 | ||
|---|---|---|---|
| 003 | SISC | ||
| 005 | 20160216090525.0 | ||
| 008 | 130905t xxu||||| |||| 00| 0 eng d | ||
| 020 | _a9780131272057 | ||
| 050 |
_aQH 308.2 _b.Au23 2006 |
||
| 082 |
_aHS 574 _bAu2 2005 |
||
| 245 |
_aBiology : life on Earth / _cTeresa Audesirk, |
||
| 260 |
_aUpper Saddle River, N.J. : _bPearson Education, _cc2005. |
||
| 300 |
_a895 p. : _bill. ; _c28 cm. |
||
| 650 |
_aBiology _91448 |
||
| 942 |
_2lcc _cBK |
||
| 999 |
_c10414 _d10414 |
||